How to draw mecha robots and battle fantasy figures

Bibliographic Details
Main Author: Bergin, Mark
Format: Book
Published: Brighton : Book House , 2007
Series:How to draw
Subjects:

MARC

LEADER 00000cam a2200000 7i4500
001 0000136588
005 20100816.0
020 |a 9781905638505 
090 0 0 |a 741.2   |b HOW 
100 1 |a Bergin, Mark 
245 1 0 |a How to draw mecha robots and battle fantasy figures   |c Mark Bergin 
260 |a Brighton :   |b Book House ,   |c 2007 
300 |a 32p. :   |b ill. ;   |c 28cm. 
490 0 |a How to draw 
650 0 0 |a Drawing   |x Technique 
999 |a 00238171   |b BUKU   |c JUNIOR BOOKS   |e PERPUSTAKAAN KOMUNITI PETALING JAYA